| 000 | 00358nam a22001457a 4500 | ||
|---|---|---|---|
| 999 |
_c8098 _d8098 |
||
| 003 | OSt | ||
| 005 | 20200803153508.0 | ||
| 008 | 200803b ||||| |||| 00| 0 eng d | ||
| 020 | _a9789881545053 | ||
| 082 |
_a727 _bQIA |
||
| 100 | _a Yin, Qian | ||
| 245 | _aWhen culture meets architecture | ||
| 260 |
_aHong Kong _bDesign Media Publishing Ltd; |
||
| 942 | _2ddc | ||